000 00454nam a2200121Ia 4500
008 220615s9999||||xx |||||||||||||| ||und||
100 _aModreck Gomo
245 0 _aGroundwater - Resource Characterisation and Management Aspects
546 _aEnglish[eng]
650 _aLife Sciences||Earth Science||Hydrology||Environmental Sciences
856 _uhttps://www.intechopen.com/books/groundwater-resource-characterisation-and-management-aspects
942 _cEB
999 _c16689
_d16689